| 000 | 00514nam a2200193 a 4500 | ||
|---|---|---|---|
| 001 | 11278 | ||
| 003 | CO-ViMGA | ||
| 008 | 141112s2004 ck r 000 u spa d | ||
| 020 | _a9580433399 | ||
| 040 |
_aCO-ViMGA _bspa _cCO-ViMGA |
||
| 082 | 0 | 4 | _a868.998308 C83 |
| 100 | 1 | _aBioy Casares, Adolfo | |
| 245 | 1 | 0 | _aObras completas |
| 250 | _a1 | ||
| 260 |
_aSantafé de Bogotá, _cEditorial norma, _c1997 |
||
| 300 | _aT.1, T.2 | ||
| 650 | 1 | 4 |
_aCUENTOS LATINOAMERIANOS SIGLO XX - COLECCIONES _915738 |
| 942 |
_2ddc _cBK |
||
| 999 |
_c22485 _d22485 |
||